Prvé zasadanie mestského zastupiteľstva bolo slávnostné i pracovné

Bibliographic Details
Main Authors: (mk) (Author), (mj) (Author)
Format: Article
Language:Slovak
PhysicalDescription:Fotografie
ISSN:2729-837X
Subjects:

MARC

LEADER 00000nab a2200000u 4500
001 vtls012284311
003 SK-MaSNL
005 20260304222725.0
008 250925|2022 xo ||||||| ||00 ||slo|
038 |a KEVKJB 
040 |a KEVKJB  |b slo  |e rda 
041 0 |a slo 
043 |a e-xo--- 
044 |a xo  |c SK 
072 7 |a 352/354  |x Stupne miestnej, oblastnej a ústrednej správy  |2 konspekt 
080 |a 352  |2 2011 
100 1 |a (mk)  |4 aut  |9 809280 
245 1 0 |a Prvé zasadanie mestského zastupiteľstva bolo slávnostné i pracovné  |c [autor] (MK, MJ) 
300 |b Fotografie 
336 |a text  |b txt  |2 rdacontent 
337 |a bez média  |b n  |2 rdamedia 
338 |a zväzok  |b nc  |2 rdacarrier 
610 1 7 |a Košice (Slovensko).  |b Mestské zastupiteľstvo  |2 SNKKA  |9 94952 
650 0 7 |a komunálne voľby  |2 SNKPH  |9 4164 
650 0 7 |a mestské zastupiteľstvá  |2 SNKPH  |9 70169 
651 7 |a Košice (Slovensko)  |2 SNKPHgeo  |9 18694 
700 1 |a (mj)  |4 aut  |9 874863 
773 0 |t Košice v skratke  |g Roč. 2, č. 12 (2022), s. 4-5  |x 2729-837X 
852 |a KEVKJB  |b KIS3GCP 
999 |c 3164621  |d 3166551